Open Data Biblioteca Nacional de Portugal


República Portuguesa: Ministério da Cultura
Biblioteca Nacional de Portugal

Catálogo da BNP: acesso por Identificadores Unívocos
Registos Bibliográficos associados ao registo de autoridade

Etiqueta de registo: 00254nam 2200025 450
001 2287552
003 http://id.bnportugal.gov.pt/bib/catbnp/2287552
100 ## $a20260608d2025 k y0pory01030103ba
101 0# $aspa$dpor
102 ## $aPT
105 ## $aa m 000yy
106 ## $ar
200 1# $a La opacidad como potencia$e una investigación cinematográfica a partir de 918 gau$fMaría Aranzazu Santesteban Pérez$gorient. Susana de Sousa Dias de Macedo, Ana Longoni
210 #9 $aLisboa$c[s.n.],$d2025
215 ## $a179 p., [19] f.$cil.$d31 cm
328 #1 $aTese dout. Belas-Artes (Arte Multimédia), Faculdade de Belas-Artes da Universidade de Lisboa, 2025
700 #1 $aSantesteban Pérez,$bMaría Aranzazu,$f1979-$32000148
702 #1 $aMacedo,$bSusana de Sousa Dias de$4727$31271328
702 #1 $aLongoni,$bAna,$f1967-$4727$32000150
801 #0 $aPT$bBN$gRPC
966 ## $lBN$mFGMON$x1
971 ## $cabrito$d20260608

OpendataBNP@bnportugal.pt | Mais informação sobre acesso aos dados BNP